| 000 | 00937nam a2200169 a 4500 | ||
|---|---|---|---|
| 001 | 000041777 | ||
| 005 | 20201002035740.0 | ||
| 008 | 131017s1984 sp 000 0 spa d | ||
| 020 | _a840005743-0 | ||
| 040 |
_aDO-SdBNP _bspa _cBNPHU |
||
| 100 | 1 |
_aCieza de León, Pedro de _c1518-1554 _968632 |
|
| 245 | 1 | 0 |
_aObras Completas / _cEstudio bio-bibliográfico Cieza de León, su persona y su obra ;índice analítico general de las obras completas de Cieza de León por Carmelo Sáenz de Santa María. |
| 260 |
_aMadrid : _bInstituto "Gonzalo Fernández de Oviedo", _bConsejo Superior de Investigaciones Científicas, _c1984. |
||
| 490 | 1 |
_aMonumenta hispano-indiana _v2 |
|
| 505 | 2 |
_av. 1 _tLa crónica del Perú-- _tLas guerras civiles peruanas -- _gv. 2 _tLas guerras civiles peruanas -- _gv. 3 _tEstudio bio-bibliografico Cieza de León, su persona y su obra / _rpor Carmelo Sáenz de Santa María. |
|
| 830 | 0 |
_aMonumenta hispano-indiana _v2 _968633 |
|
| 999 |
_c41266 _d41266 |
||